Dutch train stations - Zuid-Holland - Statistics

General Stats
  • This quiz has been taken 311 times
    280 since last reset
  • The average score is 26 of 50
Answer Stats
Company Answer % Correct
NS/Thalys Rotterdam Centraal
96%
NS Den Haag Centraal
93%
NS/R-Net Gouda
88%
NS Delft
85%
NS/Qbuzz Dordrecht
83%
NS Leiden Centraal
83%
NS Den Haag HS
80%
NS Rotterdam Blaak
79%
NS Rotterdam Zuid
75%
NS/R-Net Alphen aan den Rijn
73%
NS Zoetermeer
72%
NS Rotterdam Alexander
70%
NS Den Haag Laan van NOI
68%
NS Schiedam Centrum
61%
NS Rotterdam Noord
60%
NS Den Haag Mariahoeve
56%
NS Rijswijk
56%
NS Barendrecht
54%
NS Voorburg
54%
NS Gouda Goverwelle
53%
NS Delft Campus
51%
NS Zwijndrecht
51%
NS Den Haag Moerwijk
49%
NS Rotterdam Lombardijen
49%
NS Voorschoten
47%
R-Net Waddinxveen
47%
Qbuzz Sliedrecht
46%
R-Net Boskoop
45%
NS Zoetermeer Oost
45%
NS Den Haag Ypenburg
44%
NS De Vink
44%
NS Bodegraven
43%
NS Dordrecht Zuid
43%
Qbuzz Gorinchem
43%
NS Leiden Lammenschans
43%
NS Sassenheim
40%
NS Hillegom
36%
NS Capelle Schollevaar
35%
Qbuzz Dordrecht Stadspolders
33%
NS Voorhout
33%
R-Net Waddinxveen Triangel
33%
NS Nieuwerkerk aan den IJssel
32%
Qbuzz Hardinxveld-Giessendam
31%
R-Net Waddinxveen Noord
30%
R-Net Boskoop Snijdelwijk
27%
NS Lansingerland-Zoetermeer
27%
Qbuzz Sliedrecht Baanhoek
25%
Qbuzz Arkel
24%
Qbuzz Hardinxveld Blauwe Zoom
24%
Qbuzz Boven Hardinxveld
22%
No matching quizzes found
Score Distribution
Percent of People with Each Score
Percentile by Number Answered
Your Score History
You have not taken this quiz since the last reset